Parcours de la France à la Coupe du Monde 2018 - Statistiques

Statistiques générales
  • Ce quiz a été pris 17 417 fois
  • Le résultat moyen est 12 sur 14
Statistiques - réponses
Match Réponse % Correct
Finale Croatie
94%
Huitième de finale Argentine
92%
Demi-finale Belgique
92%
Finale 4 - 2
91%
Demi-finale 1 - 0
89%
Huitième de finale 4 - 3
89%
Premier tour, match 1 Australie
88%
Quart de finale Uruguay
84%
Quart de finale 2 - 0
82%
Premier tour; match 1 2 - 1
82%
Premier tour; match 3 Danemark
79%
Premier tour; match 3 0 - 0
75%
Premier tour; match 2 1 - 0
75%
Premier tour; match 2 Pérou
74%
Aucun quiz correspondant
Distribution des résultats
% des personnes avec chaque résultat
Percentile par nombre de réponses
Votre historique - résultats
Vous n’avez pas pris ce quiz